01488nam a2200397 b 4500001000700000003000900007005001700016007000300033008004100036017000900077020001500086035000600101040003100107082002700138100003100165245017800196264003500374300004900409336002800458337003500486338003000521490001900551500001300570534006700583590002600650650004100676650003700717650004200754700002800796700004300824710001500867910004000882942001200922952013900934999001701073 83358DO-SdBPM20250709083029.0ta020603s2002 sp | ||| ||spa  a b  a0070718679 a  aDO-SdBPMbspacBPMSUe rda 4a651.75bS736h 20022221 aSparks, Suzanne D.eautor 13aLa habilidad de escribir en los negocios /cSuzanne D. Sparks ; edición española revisada por Hay Group ; traducción, Ana Martos ; editora Ma. Victoria Peralba Ruizh  aMadrid : bMcGraw-Hill, c2002 aXIII, 181 páginas .:bilustracionesc21 cm atextobtxt2rdacontent  asin mediación bn2rdamedia  avolumen bnc2rdacarrier 0 aDirectivos hoy aÍndice pTítulo original. tThe manager's guide to business writing.  aInventariado, 2025/VM 7aComunicación en administración.  7aInformes de negociosxTécnicas 7aCorrespondencia comercialxTécnicas1 aMartos, Anaetraductor 1 aPeralba Ruiz, Maria Victoria.eeditor 0 aHay Group, aVMateo V. Control de calidad. BPMSU 2ddccBK 00102ddc708CGaBPMETbBPMETd2016-06-09e Laura Garcíal0oBPMSU CGI 651.75 S736h 2002pBPMSU18020067r2016-06-09w2016-06-09yBK c10336d10336